header

Experimenting with democracy (Record no. 63516)

MARC details
000 -LEADER
fixed length control field 01487nam a2200361Ia 4500
082 04 - DEWEY DECIMAL CLASSIFICATION NUMBER
Classification number 949.6055/9
245 00 - TITLE STATEMENT
Title Experimenting with democracy
260 ## - PUBLICATION, DISTRIBUTION, ETC. (IMPRINT)
Place of publication London ;
-- New York :
Name of publisher Routledge,
Year of publication 2000.
300 ## - PHYSICAL DESCRIPTION
Number of Pages x, 282 p.
490 1# - SERIES STATEMENT
Series statement Routledge studies of societies in transition ;
650 #0 - SUBJECT ADDED ENTRY--TOPICAL TERM
Topical Term Post-communism
Topical Term Democracy
700 1# - ADDED ENTRY--PERSONAL NAME
Personal name Pridham, Geoffrey,
Personal name Gallagher, Tom,
856 40 - ELECTRONIC LOCATION AND ACCESS
Uniform Resource Identifier http://site.ebrary.com/lib/rucke/Doc?id=10054662

No items available.

© 2026 Rongo University
Contact us: librarian | system librarian | Rongo university